Who Scored The Goal? (Turkiye 24/25) UEFA Nations League - Statistics

General Stats
  • This quiz has been taken 28 times
    26 since last reset
  • The average score is 12 of 22
Answer Stats
Matches Scorer % Correct
Turkiye - Iceland2' 1-0 Kerem Aktürkoğlu
91%
Hungary - Turkiye90' 0-3 Abdulkerim Bardakcı
82%
Turkiye - Iceland52' 2-1 Kerem Aktürkoğlu
73%
Turkiye - Iceland88' 3-1 Kerem Aktürkoğlu
73%
Iceland - Turkiye88' 2-3 Arda Güler
64%
Hungary - Turkiye39' 0-2 Arda Güler
64%
Montenegro - Turkiye37' 1-1 Kenan Yıldız
64%
Iceland - Turkiye90+5' 2-4 Kerem Aktürkoğlu
64%
Iceland - Turkiye67' 1-2 Hakan Çalhanoğlu
55%
Hungary - Turkiye37' 0-1 Hakan Çalhanoğlu
55%
Iceland - Turkiye62' 1-1 İrfan Can Kahveci
55%
Turkiye - Hungary69' 2-1 Kerem Aktürkoğlu
55%
Turkiye - Hungary9' 1-0 Orkun Kökçü
55%
Turkiye - Montenegro69' 1-0 İrfan Can Kahveci
45%
Turkiye - Hungary73' 3-1 İrfan Can Kahveci
45%
Iceland - Turkiye83' 2-2 Andri Gudjohnsen
36%
Montenegro - Turkiye29' 1-0 Nikola Krstovic
36%
Montenegro - Turkiye45' 2-1 Nikola Krstovic
36%
Montenegro - Turkiye73' 3-1 Nikola Krstovic
36%
Iceland - Turkiye3' 1-0 Orri Oskarsson
36%
Turkiye - Iceland37' 1-1 Victor Palsson
36%
Turkiye - Hungary25' 1-1 Andres Schafer
27%
No matching quizzes found
Score Distribution
Percent of People with Each Score
Percentile by Number Answered
Your Score History
You have not taken this quiz since the last reset